Violin concertos
Αποθηκεύτηκε σε:
| Κύριοι συγγραφείς: | , |
|---|---|
| Συγγραφή απο Οργανισμό/Αρχή: | |
| Άλλοι συγγραφείς: | , |
| Μορφή: | CD Ηχητικό |
| Γλώσσα: | Italian |
| Δημοσίευση: |
Munich :
Naxos,
1988
|
| Θέματα: | |
| Ετικέτες: |
Προσθήκη ετικέτας
Δεν υπάρχουν, Καταχωρήστε ετικέτα πρώτοι!
|
MARC
| LEADER | 00000njm a2200000 i 4500 | ||
|---|---|---|---|
| 001 | 1/41941 | ||
| 007 | sd fs gn m ed | ||
| 008 | 070305s1988 it ita d | ||
| 028 | 0 | 1 | |a 8.550153 |b Naxos |
| 035 | |l 10087214 | ||
| 040 | |a GR-MY-UA |b gre |e aacr | ||
| 041 | 0 | |a ita | |
| 082 | 0 | |a 784.272 |2 (22η εκδ.) | |
| 100 | 1 | |a Mendelssohn-Bartholdy, Felix |d 1809-1847. |4 cmp | |
| 245 | 1 | 0 | |a Violin concertos |h [ηχογράφηση] / |c Mendelssohn; Tchaikovsky |
| 260 | |a Munich : |b Naxos, |c 1988 | ||
| 300 | |a 1 δίσκος κόμπακτ (67 λεπτ. και 21 δευτ.); |b ψηφιακός, στερεο; |c 4 3/4 ιν. | ||
| 505 | 0 | |a Violin conerto in E minor, op. 64 / Mendelssohn. Allegro molto appassionato (13'41 λεπτ.) - Andante, allegro non troppo (9'26 λεπτ.) - Allegro molto vivace (6'29 λεπτ.) - Violin concerto in D major, op. 35 / Tchaikovsky. Allegro moderato (19'21 λεπτ.) - Canzonetta, andante (6'57 λεπτ.) - Finale, allegro vivacissimo (11'25 λεπτ.) | |
| 511 | |a Takako Nishizaki, βιολί ; Slovak Philarmonic Orchestra ; Kenneth Jean, μαέστρος | ||
| 650 | 0 | 0 | |a Violin with orchestra. |
| 650 | 0 | 0 | |a Concertos (Violin) |
| 700 | 1 | |a Tchaikovsky, Peter Ilich |d 1840-1893. |4 cmp | |
| 700 | 1 | |a Nishizaki, Takako |d 1944- |4 prf | |
| 700 | 1 | |a Jean, Kenneth |d 1952- |4 cnd | |
| 710 | 2 | |a Slovenska filharmonia. |b Zbor. |4 prf | |
| 852 | |a INST |b RHODES |c AV |e 20070305 |h 784.272 MEN |p 005400013038 |q 005400013038 |t CD |y 23 | ||
| 901 | |a BIBL4-2006-1 | ||
| 909 | |a Ρ |b 078161 | ||
| 970 | |a ΚΟΖΑ |b ΜΑΡΙΑ |z 2007/03/05 | ||